| 000 | 00506nam a22001817a 4500 | ||
|---|---|---|---|
| 003 | CEME | ||
| 005 | 20210628210605.0 | ||
| 008 | 210201b xxu||||| |||| 00| 0 eng d | ||
| 020 | _a81-297-0094-8 | ||
| 040 | _c. | ||
| 082 | _a531.14 HAR | ||
| 100 |
_aHartle, James B _980090 |
||
| 245 | _aGravity,an introduction to einstein's general relativity | ||
| 260 |
_aINDIA _bPEARSON EDUCATION ASIA _c2003 |
||
| 300 | _aXXII,578P | ||
| 650 |
_aGRAVITY.EINSTEIN'S GENERAL RELATIVITY _980091 |
||
| 942 |
_cBK _2ddc |
||
| 999 |
_c585053 _d585053 |
||